[Event "Titled Tuesday intern op 7th April"]
[Site "Chess.com INT"]
[Date "2020.04.07"]
[Round "9"]
[White "Erseki, Tamara"]
[Black "Nilsen, Tobias Lang"]
[Result "0-1"]
[WhiteElo "1933"]
[BlackElo "2170"]
[PlyCount "68"]
[EventDate "2020.04.07"]
[EventType "swiss (blitz)"]
[EventRounds "10"]
[EventCountry "USA"]
[SourceTitle "EXT 2021"]
[Source "ChessBase"]
[SourceDate "2020.10.23"]
[SourceVersion "1"]
[SourceVersionDate "2020.10.23"]
[SourceQuality "1"]

1. d4 d5 2. Bf4 Nf6 3. Nf3 c5 4. e3 Nc6 5. c3 e6 6. Bd3 Bd6 7. Bg3 0-0 8. Ne5 Ne7 9. f4 b6 10. 0-0 Bb7 11. Nd2 Nf5 12. Bf2 Be7 13. Qf3 Nd6 14. g4 Nfe4 15. Bxe4 dxe4 16. Qg3 Ba6 17. Rfe1 Qc8 18. h4 f6 19. dxc5 bxc5 20. g5 fxe5 21. fxe5 Nf5 22. Qg4 Rb8 23. b3 c4 24. Nxe4 cxb3 25. axb3 Bb7 26. Rxa7 Qc6 27. Ra4 Ra8 28. Rc4 Qd5 29. Rd1 Qb5 30. Rc7 Qxb3 31. Rdd7 Ra1+ 32. Kh2 Qb1 33. Ng3 Qh1+ 34. Nxh1 Rxh1# 0-1

[Event "Titled Tuesday intern op 7th April"]
[Site "Chess.com INT"]
[Date "2020.04.07"]
[Round "3"]
[White "Erseki, Tamara"]
[Black "Rychagov, Andrey"]
[Result "0-1"]
[WhiteElo "1933"]
[BlackElo "2545"]
[PlyCount "58"]
[EventDate "2020.04.07"]
[EventType "swiss (blitz)"]
[EventRounds "10"]
[EventCountry "USA"]
[SourceTitle "EXT 2021"]
[Source "ChessBase"]
[SourceDate "2020.10.23"]
[SourceVersion "1"]
[SourceVersionDate "2020.10.23"]
[SourceQuality "1"]

1. d4 f5 2. Nf3 Nf6 3. e3 g6 4. Bd3 Bg7 5. b3 0-0 6. Bb2 d6 7. Nbd2 e5 8. dxe5 Ng4 9. 0-0 Nxe5 10. Nxe5 dxe5 11. Bc4+ Kh8 12. Nf3 Qe7 13. a4 Rd8 14. Qe2 Nc6 15. Rfd1 Be6 16. Bxe6 Qxe6 17. h4 h6 18. Qb5 b6 19. c4 Kh7 20. Ne1 a6 21. Rxd8 Rxd8 22. Qxa6 f4 23. e4 Nd4 24. Bxd4 exd4 25. Nf3 d3 26. a5 Bxa1 27. axb6 d2 28. Nxd2 Rxd2 29. b7 Qxa6 0-1

[Event "HUN-ch U18 Girls"]
[Site "Balatonlelle"]
[Date "2019.06.25"]
[Round "6"]
[White "Erseki, Tamara"]
[Black "Szabo, Andrea Erzsebet"]
[Result "1-0"]
[WhiteElo "1999"]
[BlackElo "1582"]
[PlyCount "37"]
[EventDate "2019.06.21"]
[EventType "tourn"]
[EventRounds "9"]
[EventCountry "HUN"]
[SourceTitle "CBM 191 Extra"]
[Source "ChessBase"]
[SourceDate "2019.09.30"]
[SourceVersion "1"]
[SourceVersionDate "2019.09.30"]
[SourceQuality "1"]

1. e4 d5 2. exd5 Qxd5 3. Nc3 Qa5 4. d4 Nf6 5. Nf3 Bf5 6. Bd3 Bxd3 7. Qxd3 e6 8. 0-0 Bd6 9. Re1 0-0 10. Ne4 Nbd7 11. Bd2 Qb6 12. c4 c5 13. Bc3 Nxe4 14. Qxe4 Nf6 15. Qh4 Qd8 16. dxc5 Bxc5 17. Rad1 Qe7 18. Qg5 Bb4 19. Rd7 1-0

[Event "HUN-ch U18 Girls"]
[Site "Balatonlelle"]
[Date "2019.06.24"]
[Round "5"]
[White "Kovacs, Judit"]
[Black "Erseki, Tamara"]
[Result "0-1"]
[WhiteElo "2025"]
[BlackElo "1999"]
[PlyCount "96"]
[EventDate "2019.06.21"]
[EventType "tourn"]
[EventRounds "9"]
[EventCountry "HUN"]
[SourceTitle "CBM 191 Extra"]
[Source "ChessBase"]
[SourceDate "2019.09.30"]
[SourceVersion "1"]
[SourceVersionDate "2019.09.30"]
[SourceQuality "1"]

1. c4 c5 2. Nf3 Nc6 3. Nc3 e5 4. e3 f5 5. d4 e4 6. d5 exf3 7. dxc6 dxc6 8. Qxd8+ Kxd8 9. gxf3 Nf6 10. b3 g6 11. Ba3 b6 12. f4 Bg7 13. 0-0-0+ Kc7 14. h3 Be6 15. Bg2 Rad8 16. Bf3 a6 17. h4 Bf7 18. Kc2 Rhe8 19. Rhg1 Bh8 20. Ne2 h5 21. Bb2 b5 22. Be5+ Kb6 23. cxb5 axb5 24. Kb2 Ng4 25. Bxh8 Rxh8 26. Bxg4 hxg4 27. Rxd8 Rxd8 28. Kc1 Rh8 29. Rh1 Bd5 30. Rh2 c4 31. Kb2 b4 32. bxc4 Bxc4 33. Nc1 c5 34. a3 Kb5 35. axb4 cxb4 36. Nb3 Bd5 37. Nd4+ Kc4 38. Ne2 Bf7 39. Rh1 Ra8 40. Nd4 Kd3 41. Nc6 Ke2 42. Ne5 Bd5 43. Rh2 Kf1 44. h5 gxh5 45. Rxh5 Ra2+ 46. Kc1 b3 47. Nd3 Be4 48. Nb2 Ke2 0-1

[Event "HUN-chT2 Szechenyi 1819"]
[Site "Hungary"]
[Date "2019.02.10"]
[Round "5.2"]
[White "Erseki, Tamara"]
[Black "Odor, Istvan"]
[Result "1/2-1/2"]
[WhiteElo "2014"]
[BlackElo "2147"]
[PlyCount "71"]
[EventDate "2018.10.28"]
[EventType "team-tourn"]
[EventRounds "9"]
[EventCountry "HUN"]
[SourceTitle "EXT 2021"]
[Source "ChessBase"]
[SourceDate "2020.10.23"]
[SourceVersion "1"]
[SourceVersionDate "2020.10.23"]
[SourceQuality "1"]
[WhiteTeam "Tapolca VSE II"]
[BlackTeam "Sarvar"]
[WhiteTeamCountry "HUN"]
[BlackTeamCountry "HUN"]

1. e4 e5 2. Nf3 Nc6 3. d4 exd4 4. Nxd4 Bc5 5. Be3 Qf6 6. c3 Nge7 7. Bc4 Ne5 8. Be2 d6 9. 0-0 0-0 10. f4 N5c6 11. Kh1 Bb6 12. Na3 Qh6 13. Nxc6 bxc6 14. Nc2 f5 15. Bxb6 axb6 16. Bc4+ Kh8 17. Qf3 Qf6 18. exf5 Bxf5 19. Nd4 Bd7 20. Rae1 d5 21. Bb3 c5 22. Qe2 cxd4 23. Qxe7 Bb5 24. Qxf6 Rxf6 25. Bxd5 c6 26. c4 Ba6 27. Be6 Rxe6 28. Rxe6 Bxc4 29. Rfe1 Bxe6 30. Rxe6 Rd8 31. Re1 c5 32. Kg1 Kg8 33. Kf2 Kf7 34. Re2 Rd6 35. Kf3 Kf6 36. g4 1/2-1/2

[Event "HUN-chT2 Szechenyi 1718"]
[Site "Hungary"]
[Date "2018.01.28"]
[Round "5.3"]
[White "Erseki, Tamara"]
[Black "Rozsa, Peter"]
[Result "0-1"]
[WhiteElo "2050"]
[BlackElo "2075"]
[PlyCount "54"]
[EventDate "2017.10.29"]
[EventType "team-tourn"]
[EventRounds "9"]
[EventCountry "HUN"]
[SourceTitle "EXT 2021"]
[Source "ChessBase"]
[SourceDate "2020.10.23"]
[SourceVersion "1"]
[SourceVersionDate "2020.10.23"]
[SourceQuality "1"]
[WhiteTeam "Tapolca VSE II"]
[BlackTeam "Keszthely Spartacus"]
[WhiteTeamCountry "HUN"]
[BlackTeamCountry "HUN"]

1. e4 d6 2. d4 Nf6 3. Nc3 e5 4. Nf3 Nbd7 5. h3 Be7 6. Be3 c6 7. g4 Qa5 8. Qd2 b5 9. Bd3 b4 10. Ne2 d5 11. Ng3 dxe4 12. Bxe4 Nxe4 13. Nxe4 0-0 14. Qd3 exd4 15. Bxd4 Ba6 16. Qd2 Qd5 17. Qe3 c5 18. Bxg7 Kxg7 19. Nfd2 Qd4 20. Qb3 c4 21. Qa4 Bb7 22. 0-0 Nb6 23. Qb5 Bxe4 24. Nxe4 Qxe4 25. Rfe1 Qd5 26. Qxd5 Nxd5 27. Rad1 Rfd8 0-1

[Event "HUN-chT2 Charousek 1718"]
[Site "Hungary"]
[Date "2017.11.26"]
[Round "2.12"]
[White "Szabo, Miklos"]
[Black "Erseki, Tamara"]
[Result "1/2-1/2"]
[WhiteElo "1704"]
[BlackElo "2021"]
[PlyCount "147"]
[EventDate "2017.10.29"]
[EventType "team-tourn"]
[EventRounds "9"]
[EventCountry "HUN"]
[SourceTitle "EXT 2020"]
[Source "ChessBase"]
[SourceDate "2019.10.17"]
[SourceVersion "1"]
[SourceVersionDate "2019.10.17"]
[SourceQuality "1"]
[WhiteTeam "Penzugyor"]
[BlackTeam "Tapolca Rockwool"]
[WhiteTeamCountry "HUN"]
[BlackTeamCountry "HUN"]

1. e4 c5 2. Nf3 d6 3. d4 cxd4 4. Nxd4 Nf6 5. f3 e5 6. Nb3 a5 7. Be3 a4 8. N3d2 d5 9. Bg5 dxe4 10. Qe2 Be7 11. Nc3 exf3 12. Nxf3 0-0 13. Nxe5 Re8 14. Qd3 Nfd7 15. Nxf7 Bxg5+ 16. Be2 Qe7 17. Nd6 Rf8 18. Qc4+ Kh8 19. Nxc8 Qe3 20. Ne4 Nc6 21. Ncd6 Nde5 22. Qc3 Nd4 23. Qxe3 Bxe3 24. Kd1 Rad8 25. Bd3 b5 26. b3 Ng4 27. c3 Nf2+ 28. Nxf2 Bxf2 29. cxd4 Rxd6 30. Rf1 Rdf6 31. Ke2 Re8+ 32. Kd2 axb3 33. axb3 Bxd4 34. Rxf6 Bxf6 35. Ra5 b4 36. Rd5 Bc3+ 37. Kc2 Ra8 38. Kc1 g6 39. Bb1 Re8 40. Bd3 Re1+ 41. Kc2 Ra1 42. Rg5 Ra2+ 43. Kb1 Rb2+ 44. Kc1 Rxb3 45. Bc2 Ra3 46. Rb5 Kg7 47. h4 Ra1+ 48. Bb1 Ra6 49. h5 Rf6 50. Bd3 Rf2 51. hxg6 hxg6 52. Be4 Rf4 53. Bf3 Rc4 54. Bd5 Rd4 55. Bf3 Rd2 56. Be4 Ra2 57. Bf3 Ra3 58. Bd5 Ra1+ 59. Kc2 Rf1 60. Bf3 Rf2+ 61. Kc1 Bb2+ 62. Kb1 Ba3 63. Bd5 Rd2 64. g4 Rd1+ 65. Ka2 Rg1 66. Be6 Rg2+ 67. Kb1 Rg3 68. g5 Kf8 69. Bc4 Rc3 70. Be6 Ke7 71. Bg8 Rc6 72. Bb3 Rc1+ 73. Ka2 Rc6 74. Kb1 1/2-1/2

[Event "Wch U16 Girls"]
[Site "Montevideo"]
[Date "2017.09.20"]
[Round "5"]
[White "Erseki, Tamara"]
[Black "Toshali, V."]
[Result "1-0"]
[WhiteElo "2050"]
[BlackElo "1921"]
[PlyCount "75"]
[EventDate "2017.09.17"]
[EventType "swiss"]
[EventRounds "11"]
[EventCountry "URU"]
[SourceTitle "CBM 180 Extra"]
[Source "ChessBase"]
[SourceDate "2017.10.06"]
[SourceVersion "1"]
[SourceVersionDate "2017.10.06"]
[SourceQuality "1"]

1. e4 e5 2. Nf3 Nc6 3. Nc3 Nf6 4. Bc4 Be7 5. 0-0 0-0 6. d4 d6 7. d5 Nb8 8. h3 Nbd7 9. Be3 Re8 10. Qd2 Nf8 11. Bb5 Bd7 12. Bxd7 Qxd7 13. Bg5 Ng6 14. Bxf6 Bxf6 15. Ne2 c6 16. Rfd1 Rac8 17. c4 Ne7 18. Rac1 cxd5 19. cxd5 g6 20. Qe3 Qa4 21. a3 Bg7 22. b4 f5 23. Nd2 Qb5 24. Nc3 Qd7 25. f3 h6 26. Qd3 g5 27. Qb5 Qc7 28. Ne2 Qd8 29. Qxb7 g4 30. Rxc8 Nxc8 31. hxg4 fxg4 32. Rc1 gxf3 33. Nxf3 Qb6+ 34. Qxb6 Nxb6 35. Rc7 Nc8 36. Nc3 Bf6 37. Kf1 Bd8 38. Rxc8 1-0

[Event "HUN-chT2 Szechenyi 1617"]
[Site "Hungary"]
[Date "2017.03.12"]
[Round "10.6"]
[White "Erseki, Tamara"]
[Black "Barasits, Balint"]
[Result "1-0"]
[WhiteElo "1899"]
[BlackElo "1706"]
[PlyCount "57"]
[EventDate "2016.09.25"]
[EventType "team-tourn"]
[EventRounds "11"]
[EventCountry "HUN"]
[SourceTitle "EXT 2021"]
[Source "ChessBase"]
[SourceDate "2020.10.23"]
[SourceVersion "1"]
[SourceVersionDate "2020.10.23"]
[SourceQuality "1"]
[WhiteTeam "Tapolca VSE II"]
[BlackTeam "Arboretum"]
[WhiteTeamCountry "HUN"]
[BlackTeamCountry "HUN"]

1. e4 e5 2. Nf3 Nf6 3. Nxe5 d6 4. Nf3 Nxe4 5. d4 d5 6. Bd3 Nc6 7. 0-0 Be7 8. Re1 Bf5 9. c4 Nb4 10. Ne5 f6 11. Bxe4 Bxe4 12. Rxe4 fxe5 13. Rxe5 0-0 14. a3 Bf6 15. axb4 Bxe5 16. dxe5 dxc4 17. Qe2 Qd4 18. Nc3 a6 19. Be3 Qxe5 20. Qxc4+ Kh8 21. g3 Rad8 22. Bf4 Qd4 23. Qxc7 Qxb4 24. Be5 Rg8 25. Bxg7+ Rxg7 26. Qxd8+ Rg8 27. Qf6+ Rg7 28. Rd1 Qe7 29. Rd8+ 1-0

[Event "HUN-chT U18"]
[Site "Hajduboszormeny"]
[Date "2016.11.04"]
[Round "4.4"]
[White "Pribelszky, Bence"]
[Black "Erseki, Tamara"]
[Result "1-0"]
[WhiteElo "2076"]
[BlackElo "1899"]
[PlyCount "63"]
[EventDate "2016.11.02"]
[EventType "team-swiss"]
[EventRounds "8"]
[EventCountry "HUN"]
[SourceTitle "CBM 175 Extra"]
[Source "ChessBase"]
[SourceDate "2016.12.12"]
[SourceVersion "1"]
[SourceVersionDate "2016.12.12"]
[SourceQuality "1"]

1. e4 c5 2. Nf3 d6 3. d4 cxd4 4. Nxd4 Nf6 5. Nc3 g6 6. Be3 Bg7 7. f3 0-0 8. Qd2 Nc6 9. 0-0-0 Nxd4 10. Bxd4 Be6 11. Kb1 Qc7 12. h4 h5 13. Nd5 Nxd5 14. exd5 Bf5 15. Bxg7 Kxg7 16. Qd4+ Kg8 17. Bd3 Bxd3 18. Qxd3 Rac8 19. Rde1 Rfe8 20. Re4 Kg7 21. Rhe1 Qb6 22. g4 hxg4 23. Rxg4 Qf2 24. Reg1 Rh8 25. h5 Rxh5 26. Rxg6+ Kh8 27. R6g2 Qh4 28. Qf1 Qh3 29. Qf2 Qh4 30. Rg3 b6 31. Qg2 Kh7 32. Rg7+ 1-0

[Event "HUN-chT2 Charousek 1516"]
[Site "Hungary"]
[Date "2015.11.08"]
[Round "2.12"]
[White "Salavecz, Gergely"]
[Black "Erseki, Tamara"]
[Result "1/2-1/2"]
[WhiteElo "1966"]
[BlackElo "1861"]
[PlyCount "58"]
[EventDate "2015.10.18"]
[EventType "team-tourn"]
[EventRounds "9"]
[EventCountry "HUN"]
[SourceTitle "CBM 170 Extra"]
[Source "ChessBase"]
[SourceDate "2016.02.25"]
[SourceVersion "1"]
[SourceVersionDate "2016.02.25"]
[SourceQuality "1"]
[WhiteTeam "Balatonfuered"]
[BlackTeam "Tapolca Rockwool"]
[WhiteTeamCountry "HUN"]
[BlackTeamCountry "HUN"]

1. e4 c5 2. Nf3 d6 3. d4 cxd4 4. Nxd4 Nf6 5. Nc3 g6 6. Be3 Bg7 7. f3 0-0 8. Qd2 Nc6 9. 0-0-0 Nxd4 10. Bxd4 Be6 11. g4 Qa5 12. a3 Rab8 13. h4 Rfc8 14. h5 b5 15. hxg6 hxg6 16. Nd5 Qxd2+ 17. Rxd2 Nxd5 18. exd5 Bxd5 19. Bxg7 Bxf3 20. Rh3 Bxg4 21. Rg3 Kxg7 22. Rxg4 f5 23. Rg3 Kf6 24. Rd5 Rc5 25. Rxc5 dxc5 26. Kd2 f4 27. Rd3 c4 28. Rd5 Rb6 29. Ke2 a6 1/2-1/2

[Event "HUN-chT2 Szechenyi 1516"]
[Site "Hungary"]
[Date "2015.10.18"]
[Round "3.6"]
[White "Arany, Tamas"]
[Black "Erseki, Tamara"]
[Result "0-1"]
[WhiteElo "1834"]
[BlackElo "1810"]
[PlyCount "38"]
[EventDate "2015.09.13"]
[EventType "team-tourn"]
[EventRounds "11"]
[EventCountry "HUN"]
[SourceTitle "CBM 170 Extra"]
[Source "ChessBase"]
[SourceDate "2016.02.25"]
[SourceVersion "1"]
[SourceVersionDate "2016.02.25"]
[SourceQuality "1"]
[WhiteTeam "Arboretum"]
[BlackTeam "Tapolca Kolcsey"]
[WhiteTeamCountry "HUN"]
[BlackTeamCountry "HUN"]

1. e4 c5 2. Nc3 Nc6 3. g3 g6 4. Bg2 Bg7 5. d3 e6 6. Be3 d6 7. f4 Nge7 8. Nf3 Nd4 9. Qd2 Nec6 10. a3 0-0 11. 0-0 d5 12. Nd1 b6 13. Rb1 dxe4 14. dxe4 Ba6 15. Re1 Nxf3+ 16. Bxf3 Qxd2 17. Bxd2 Nd4 18. Bg2 Nxc2 19. e5 Rad8 0-1

[Event "Budapest Art Pub Cup 8th"]
[Site "Budapest"]
[Date "2015.07.11"]
[Round "5"]
[White "Erseki, Tamara"]
[Black "Ronai, Akos Balazs"]
[Result "1-0"]
[WhiteElo "1863"]
[BlackElo "1612"]
[PlyCount "71"]
[EventDate "2015.07.09"]
[EventType "swiss"]
[EventRounds "7"]
[EventCountry "HUN"]
[SourceTitle "CBM 167 Extra"]
[Source "ChessBase"]
[SourceDate "2015.09.14"]
[SourceVersion "1"]
[SourceVersionDate "2015.09.14"]
[SourceQuality "1"]

1. e4 c5 2. Nf3 Nc6 3. d4 cxd4 4. Nxd4 Qb6 5. Nb3 e6 6. Be3 Qc7 7. Nc3 Nf6 8. f3 Bb4 9. Bc5 Bxc5 10. Nxc5 a6 11. Qd2 b6 12. Nb3 Bb7 13. 0-0-0 0-0 14. g4 Rfd8 15. h4 Ne5 16. Qf2 Rac8 17. h5 b5 18. a3 d5 19. g5 Ne8 20. g6 hxg6 21. hxg6 Nxg6 22. exd5 exd5 23. Bd3 Nf6 24. Bxg6 fxg6 25. Nd4 Kf7 26. Rhg1 Qf4+ 27. Kb1 Ne4 28. Nxe4 dxe4 29. Qg2 Rd6 30. fxe4 Qxe4 31. Qf2+ Rf6 32. Qg3 Rc4 33. Rge1 Qf4 34. Qd3 Rc7 35. Qe2 Kf8 36. Qe8# 1-0

[Event "Budapest Art Pub Cup 8th"]
[Site "Budapest"]
[Date "2015.07.10"]
[Round "3"]
[White "Erseki, Tamara"]
[Black "Szegedi, Zoltan"]
[Result "1/2-1/2"]
[WhiteElo "1863"]
[BlackElo "1813"]
[PlyCount "95"]
[EventDate "2015.07.09"]
[EventType "swiss"]
[EventRounds "7"]
[EventCountry "HUN"]
[SourceTitle "CBM 167 Extra"]
[Source "ChessBase"]
[SourceDate "2015.09.14"]
[SourceVersion "1"]
[SourceVersionDate "2015.09.14"]
[SourceQuality "1"]

1. e4 c5 2. Nf3 d6 3. d4 cxd4 4. Nxd4 Nf6 5. Nc3 e6 6. Be3 Be7 7. f3 0-0 8. Qd2 Nc6 9. 0-0-0 a6 10. g4 Qc7 11. h4 Nxd4 12. Bxd4 b5 13. h5 Nd7 14. g5 Ne5 15. Qg2 b4 16. Ne2 Nc4 17. g6 e5 18. h6 fxg6 19. hxg7 Rf7 20. Bf2 Be6 21. Qh2 Rxg7 22. Bh3 Bf7 23. b3 Na3 24. Rd2 a5 25. Kb2 a4 26. Be3 axb3 27. cxb3 Nb5 28. Ra1 Nc3 29. Rc2 Qa5 30. Nxc3 Bxb3 31. Nd5 Qa3+ 32. Kb1 Bxc2+ 33. Qxc2 Bh4 34. Qb3 Qxb3+ 35. axb3 Rxa1+ 36. Kxa1 Rb7 37. Bd2 Bf2 38. Nxb4 Kf7 39. Kb2 Bd4+ 40. Kc2 h5 41. Nd5 Ra7 42. Nb4 Ra1 43. Bc1 Bc5 44. Nd3 Bb6 45. Kb2 Bd4+ 46. Kc2 Ra2+ 47. Nb2 Ke7 48. Kb1 1/2-1/2